[Event "M.SCLODOWSKA-CURIE"]
[Site "SchemingMind.com"]
[Date "2007.10.08"]
[Round "-"]
[White "Dr_Pat"]
[Black "Lazaro"]
[Result "1/2-1/2"]
[WhiteCountry "USA"]
[BlackCountry "CUB"]
[WhiteElo "1566"]
[WhiteRD "47"]
[BlackElo "1902"]
[BlackRD "58"]
[GameID "123228"]

1. d4 d5 2. c4 c6 3. Nf3 e6 4. Nc3 Nf6 5. Bg5 dxc4 6. e3 b5 7. a3 h6 8. Bxf6 Qxf6 9. Be2 a6 10. O-O Bd6
11. Ne4 Qd8 12. Nxd6+ Qxd6 13. Ne5 Nd7 14. Nxd7 Bxd7 15. Bh5 O-O 16. e4 e5 17. dxe5 Qxd1 18. Raxd1 Be6=
1/2-1/2

[Event "M.SCLODOWSKA-CURIE"]
[Site "SchemingMind.com"]
[Date "2007.10.08"]
[Round "-"]
[White "Lazaro"]
[Black "Dr_Pat"]
[Result "1-0"]
[WhiteCountry "CUB"]
[BlackCountry "USA"]
[WhiteElo "1900"]
[WhiteRD "58"]
[BlackElo "1497"]
[BlackRD "44"]
[GameID "123229"]

1. e4 c5 2. Nf3 Nc6 3. d4 cxd4 4. Nxd4 Nf6 5. Nc3 e5 6. Ndb5 Bb4 7. Nd6+ Bxd6 8. Qxd6 Qe7 9. Nb5 Qxd6 10. Nxd6+ Ke7
11. Nf5+ Kf8 12. f3 g6 13. Bh6+ Kg8 14. Nd6 Nd4 15. O-O-O b6 16. Bc4 a5 17. Bxf7#
1-0

[Event "M.SCLODOWSKA-CURIE"]
[Site "SchemingMind.com"]
[Date "2007.10.06"]
[Round "-"]
[White "Francisco Aquino"]
[Black "Dr_Pat"]
[Result "1-0"]
[WhiteCountry "BRA"]
[BlackCountry "USA"]
[WhiteElo "1725"]
[WhiteRD "145"]
[BlackElo "1566"]
[BlackRD "47"]
[GameID "123434"]

1. e4 c5 2. Nf3 d6 3. d4 cxd4 4. Nxd4 Nf6 5. Nc3 a6 6. Bc4 e5 7. Nf3 Be7 8. O-O Nc6 9. Re1 O-O 10. Bg5 b5
11. Bb3 Bb7 12. Bxf6 Bxf6 13. Qd2 Nd4 14. Nxd4 exd4 15. Nd5 Bxd5 16. Bxd5 Rc8 17. Qd3 Qc7 18. Re2 b4 19. Bb3 a5 20. a3 Rfe8
21. axb4 axb4 22. Ra4 Qc5 23. Bd5 Qb5 24. Qxb5
1-0

[Event "M.SCLODOWSKA-CURIE"]
[Site "SchemingMind.com"]
[Date "2007.10.08"]
[Round "-"]
[White "Francisco Aquino"]
[Black "Lazaro"]
[Result "1/2-1/2"]
[WhiteCountry "BRA"]
[BlackCountry "CUB"]
[WhiteElo "1809"]
[WhiteRD "97"]
[BlackElo "1874"]
[BlackRD "51"]
[GameID "123435"]

1. e4 c5 2. Nf3 Nc6 3. Bb5 e6 4. O-O Nge7 5. d4 cxd4 6. Nxd4 a6 7. Be2 Nxd4 8. Qxd4 Nc6 9. Qc3 Qa5 10. Bd2 Qe5
11. Re1 Bd6 12. Qxe5 Bxe5 13. Bc3 Bxc3 14. Nxc3 b5 15. Rad1 Bb7 16. Rd2 Rc8 17. Red1 Rc7 18. a3 Ke7 19. f3 Rd8 20. Kf2 Na5
21. g3 Nc4= 22. Bxc4 Rxc4=
1/2-1/2

[Event "M.SCLODOWSKA-CURIE"]
[Site "SchemingMind.com"]
[Date "2007.10.08"]
[Round "-"]
[White "Dr_Pat"]
[Black "Francisco Aquino"]
[Result "0-1"]
[WhiteCountry "USA"]
[BlackCountry "BRA"]
[WhiteElo "1497"]
[WhiteRD "44"]
[BlackElo "1749"]
[BlackRD "113"]
[GameID "123436"]

1. d4 d5 2. c4 dxc4 3. e3 Nf6 4. Bxc4 g6 5. Nf3 Bg7 6. Nc3 Bg4 7. O-O O-O 8. h3 Bf5 9. Qb3 Qc8 10. Bd2 Nc6
11. Nd5 Nxd5 12. Bxd5 e6 13. Bxc6 bxc6 14. Rac1 Be4 15. Ng5 Bd5 16. Qa4 h6 17. e4 hxg5 18. exd5 cxd5 19. Bxg5 Qb7 20. Qc2 Rac8
21. b3 Bxd4 22. Qd3 Be5 23. g3 c6 24. Kg2 Kg7 25. f4 Bf6 26. Bxf6+ Kxf6 27. Qd4+ Ke7 28. Rfe1 Qb6 29. Qe5 Qa5 30. a4 Qd2+
31. Qe2 Qxe2+ 32. Rxe2 Rc7 33. b4 Kd6 34. g4 Rfc8 35. Kf3 c5 36. bxc5+ Rxc5 37. Rxc5 Rxc5 38. h4 Rc3+ 39. Re3 d4 40. Rxc3 dxc3
41. Ke2 c2 42. Kd2 c1=Q+ 43. Kxc1 e5 44. fxe5+ Kxe5 45. Kd2 Kf4
0-1

[Event "M.SCLODOWSKA-CURIE"]
[Site "SchemingMind.com"]
[Date "2007.10.09"]
[Round "-"]
[White "Lazaro"]
[Black "Francisco Aquino"]
[Result "0-1"]
[WhiteCountry "CUB"]
[BlackCountry "BRA"]
[WhiteElo "1856"]
[WhiteRD "56"]
[BlackElo "1826"]
[BlackRD "89"]
[GameID "123437"]

1. e4 e5 2. Nf3 Nc6 3. Bb5 Nf6 4. O-O Bc5 5. Bxc6 dxc6 6. Nxe5 O-O 7. d3 Re8 8. Nf3 Bg4 9. Be3 Bxe3 10. fxe3 Qd7
11. Nbd2 Rad8 12. Qe1 h6 13. Qh4 Bxf3 14. Nxf3 Ng4 15. Rae1 c5= 16. h3 Ne5 17. Nxe5 Rxe5 18. Rf3 Rde8 19. Ref1 c4 20. Rxf7 Qc6
21. Qg3 Rg5 22. Qxc7 cxd3 23. cxd3 Qg6 24. R7f2 Qa6 25. Qf7+ Kh7 26. Qxe8 Qxd3 27. Rf3 Qd2 28. R1f2 Qc1+ 29. Kh2 Qc7+ 30. g3 h5
31. h4 Re5 32. Rf5 Rxe8 33. Rxh5+ Kg8 34. e5 Rxe5
0-1

[Event "M.SCLODOWSKA-CURIE"]
[Site "SchemingMind.com"]
[Date "2007.10.06"]
[Round "-"]
[White "Archon"]
[Black "Dr_Pat"]
[Result "1-0"]
[WhiteCountry "CAN"]
[BlackCountry "USA"]
[WhiteElo "1710"]
[WhiteRD "51"]
[BlackElo "1566"]
[BlackRD "47"]
[GameID "123464"]

1. Nf3 d5 2. c4 Nf6 3. g3 dxc4 4. Qc2 e5 5. Na3 e4 6. Ng1 Nc6 7. Nxc4 Bc5 8. Bg2 O-O 9. d3 Nb4 10. Qc3 exd3
11. Ne3 Qd6 12. Nf3 Ne4 13. Qe5 d2+ 14. Bxd2 Bxe3 15. Qxe4 Bxd2+ 16. Nxd2 c6 17. a3 Rd8 18. Qxb4 Qh6 19. Nf3 a5 20. Qc3 Bg4
21. O-O Bxf3 22. Bxf3 Qh3 23. Rad1 Rxd1 24. Rxd1 Re8 25. Qxa5 Kf8 26. Rd8 Qe6 27. Rxe8+ Qxe8 28. Qc7 b5 29. Bxc6
1-0

[Event "M.SCLODOWSKA-CURIE"]
[Site "SchemingMind.com"]
[Date "2007.10.08"]
[Round "-"]
[White "Archon"]
[Black "Lazaro"]
[Result "0-1"]
[WhiteCountry "CAN"]
[BlackCountry "CUB"]
[WhiteElo "1774"]
[WhiteRD "50"]
[BlackElo "1874"]
[BlackRD "51"]
[GameID "123465"]

1. Nf3 d5 2. c4 dxc4 3. e3 b5 4. a4 c6 5. axb5 cxb5 6. b3 a5 7. bxc4 b4 8. Nd4 Bb7 9. Qa4+ Qd7 10. f3 g6
11. Bb2 Bg7 12. Be2 Nc6 13. Bd1 Nxd4 14. Bxd4 Bxd4 15. exd4 Bc6 16. Qc2 Qxd4 17. Ra2 Qe5+ 18. Kf2 Qd4+ 19. Kf1 Bd7 20. Qb2 Qxb2
21. Rxb2 Nf6 22. Kf2 O-O 23. d3 Rfb8 24. Nd2 a4 25. Bc2 b3 26. Nxb3 axb3 27. Bxb3 Ba4 28. Rhb1 Rxb3 29. Rxb3 Bxb3 30. Rxb3 Ra2+
31. Kg3 Nh5+ 32. Kh3 Nf4+ 33. Kg3 g5 34. Kg4 Rxg2+ 35. Kf5 Kg7 36. Rc3 f6 37. c5 Re2
0-1

[Event "M.SCLODOWSKA-CURIE"]
[Site "SchemingMind.com"]
[Date "2007.10.08"]
[Round "-"]
[White "Archon"]
[Black "Francisco Aquino"]
[Result "0-1"]
[WhiteCountry "CAN"]
[BlackCountry "BRA"]
[WhiteElo "1753"]
[WhiteRD "50"]
[BlackElo "1749"]
[BlackRD "113"]
[GameID "123466"]

1. Nf3 Nc6 2. d4 d5 3. g3 Nf6 4. Bg2 Bg4 5. O-O e6 6. c4 Be7 7. Ne5 Nxe5 8. dxe5 Nd7 9. Bf4 c6 10. Nc3 O-O
11. cxd5 cxd5 12. h3 Bh5 13. g4 Bg6 14. Bg3 Bh4 15. Bxh4 Qxh4 16. f4 Be4 17. Qe1 Qxe1 18. Raxe1 Bxg2 19. Kxg2 a6 20. Rc1 Nb6
21. e4 d4 22. Ne2 d3 23. Nd4 Rfd8 24. Nf3 d2 25. Rcd1 Nc4 26. Kf2 Nxb2 27. Rxd2 Rxd2+ 28. Nxd2 Rd8 29. Nf3 Nd3+ 30. Kg3 Nc5
31. Re1 b5 32. Re2 a5 33. Ne1 b4 34. Kf3 a4 35. Ke3 b3 36. axb3 axb3 37. Nf3 Rd3+ 38. Kf2 Kf8 39. Rb2 Nxe4+ 40. Ke2 Rc3
41. Nd4 Nc5 42. Nf3 Na4 43. Rb1 b2 44. Nd2 Rxh3 45. Nc4 Nc3+
0-1

[Event "M.SCLODOWSKA-CURIE"]
[Site "SchemingMind.com"]
[Date "2007.10.06"]
[Round "-"]
[White "Dr_Pat"]
[Black "Archon"]
[Result "0-1"]
[WhiteCountry "USA"]
[BlackCountry "CAN"]
[WhiteElo "1566"]
[WhiteRD "47"]
[BlackElo "1710"]
[BlackRD "51"]
[GameID "123467"]

1. d4 d6 2. e4 Nf6 3. Nc3 g6 4. Nf3 Bg7 5. Be2 O-O 6. O-O Bg4 7. Be3 Nc6 8. Ng5 Bxe2 9. Qxe2 e5 10. dxe5 dxe5
11. f4 exf4 12. Rad1 Qxd1 13. Rxd1 fxe3 14. Qxe3 Ne5 15. Nd5 Nxd5 16. Rxd5 Nc6 17. c3 Rad8 18. Rxd8 Rxd8 19. Qf4 Ne5 20. Nf3 Rd1+
21. Kf2 Nd3+
0-1

[Event "M.SCLODOWSKA-CURIE"]
[Site "SchemingMind.com"]
[Date "2007.10.09"]
[Round "-"]
[White "Lazaro"]
[Black "Archon"]
[Result "1/2-1/2"]
[WhiteCountry "CUB"]
[BlackCountry "CAN"]
[WhiteElo "1874"]
[WhiteRD "51"]
[BlackElo "1774"]
[BlackRD "50"]
[GameID "123468"]

1. e4 d6 2. d4 Nf6 3. Nc3 g6 4. Be2 Bg7 5. f4 O-O 6. Nf3 c5 7. O-O cxd4 8. Nxd4 Nc6 9. Nxc6 bxc6 10. Be3 Nd7
11. Kh1 Nb6 12. Bd4 c5 13. Bxg7 Kxg7 14. f5 Nd7 15. fxg6 hxg6 16. Qe1 Ne5 17. Qg3 Be6 18. b3 Rh8 19. Nd5 Bxd5 20. exd5 Qd7
21. Rf4 Rh7 22. Rh4 Rah8 23. Rxh7+ Rxh7 24. Rf1=
1/2-1/2

[Event "M.SCLODOWSKA-CURIE"]
[Site "SchemingMind.com"]
[Date "2007.10.08"]
[Round "-"]
[White "Francisco Aquino"]
[Black "Archon"]
[Result "1-0"]
[WhiteCountry "BRA"]
[BlackCountry "CAN"]
[WhiteElo "1725"]
[WhiteRD "145"]
[BlackElo "1710"]
[BlackRD "51"]
[GameID "123469"]

1. e4 d6 2. d4 Nf6 3. Nc3 g6 4. Nf3 Bg7 5. Bc4 O-O 6. O-O Nxe4 7. Bxf7+ Rxf7 8. Nxe4 h6 9. Re1 Bg4 10. c3 Rxf3
11. gxf3 Bh5 12. Ng3 Kh8 13. Nxh5 gxh5 14. Re6 Qf8 15. Qe2 Nc6 16. d5 Re8 17. dxc6
1-0

[Event "M.SCLODOWSKA-CURIE"]
[Site "SchemingMind.com"]
[Date "2007.10.07"]
[Round "-"]
[White "wmakos"]
[Black "Dr_Pat"]
[Result "1-0"]
[WhiteCountry "POL"]
[BlackCountry "USA"]
[WhiteElo "1844"]
[WhiteRD "183"]
[BlackElo "1497"]
[BlackRD "44"]
[GameID "123640"]

1. e4 c5 2. Nf3 d6 3. d4 cxd4 4. Nxd4 Nf6 5. Nc3 a6 6. Be3 e5 7. Nb3 Be7 8. Qe2 Nc6 9. O-O-O O-O 10. f3 Be6
11. g4 b5 12. g5 Ne8 13. h4 f5 14. Nd5 fxe4 15. fxe4 Nc7 16. Bh3
1-0

[Event "M.SCLODOWSKA-CURIE"]
[Site "SchemingMind.com"]
[Date "2007.10.08"]
[Round "-"]
[White "wmakos"]
[Black "Lazaro"]
[Result "0-1"]
[WhiteCountry "POL"]
[BlackCountry "CUB"]
[WhiteElo "1570"]
[WhiteRD "101"]
[BlackElo "1856"]
[BlackRD "56"]
[GameID "123641"]

1. e4 c5 2. Nf3 d6 3. d4 cxd4 4. Nxd4 Nf6 5. Nc3 a6 6. f3 e5 7. Be3 exd4 8. Bxd4 Nc6 9. Be3 Be6 10. Be2 d5
11. exd5 Nxd5 12. Nxd5 Qxd5 13. Bd3 Nb4 14. a3 Nxd3+ 15. cxd3 Rd8 16. O-O Qxd3 17. Qa4+ b5
0-1

[Event "M.SCLODOWSKA-CURIE"]
[Site "SchemingMind.com"]
[Date "2007.10.07"]
[Round "-"]
[White "wmakos"]
[Black "Archon"]
[Result "0-1"]
[WhiteCountry "POL"]
[BlackCountry "CAN"]
[WhiteElo "1690"]
[WhiteRD "112"]
[BlackElo "1774"]
[BlackRD "50"]
[GameID "123642"]

1. e4 d6 2. d4 Nf6 3. f3 d5 4. e5 Ng8 5. Be3 Bf5 6. c4 e6 7. Nc3 Bb4 8. Ne2 Ne7 9. Ng3 Bg6 10. Bg5 Qd7
11. c5 c6 12. Bd3 Bxd3 13. Qxd3 Na6 14. O-O Bxc3 15. Qxc3 Nc7 16. Nh5 O-O 17. Qe3 Ne8 18. Nf6+ Nxf6 19. exf6 Ng6 20. fxg7 Rfb8
21. h4 b6 22. b4 bxc5 23. bxc5 Rb2 24. h5 Ne7 25. Rfb1 Rab8 26. Qd3 Kxg7 27. h6+ Kg8 28. Bf6 Ng6 29. Rf1 Qc7 30. a4 Nf4
31. Be5 Rxg2+ 32. Kh1 Rbb2
0-1

[Event "M.SCLODOWSKA-CURIE"]
[Site "SchemingMind.com"]
[Date "2007.10.08"]
[Round "-"]
[White "wmakos"]
[Black "Francisco Aquino"]
[Result "0-1"]
[WhiteCountry "POL"]
[BlackCountry "BRA"]
[WhiteElo "1690"]
[WhiteRD "112"]
[BlackElo "1809"]
[BlackRD "97"]
[GameID "123643"]

1. e4 e5 2. Nf3 Nc6 3. Bb5 Nf6 4. O-O Bc5 5. c3 O-O 6. d4 exd4 7. Bxc6 dxc6 8. cxd4 Be7 9. Nc3 Bg4 10. h3 Bxf3
11. Qxf3 Qxd4 12. Rd1 Qb6 13. e5 Ne8 14. Rd7 Bb4 15. Ne4 c5 16. Ng5 f6 17. e6 fxg5 18. Qd5 Kh8 19. Bxg5 c4 20. Be3 Qc6
21. Qe5 Nf6 22. Bd4 Rae8 23. Qg5 Re7 24. Bxf6 Rxf6 25. Rd8+ Re8 26. Rd7 Rg6 27. Qd5 Qxd5 28. Rxd5 Rgxe6 29. Rd7 Bd6 30. Rd1 Re1+
31. Rxe1 Rxe1#
0-1

[Event "M.SCLODOWSKA-CURIE"]
[Site "SchemingMind.com"]
[Date "2007.10.07"]
[Round "-"]
[White "Dr_Pat"]
[Black "wmakos"]
[Result "0-1"]
[WhiteCountry "USA"]
[BlackCountry "POL"]
[WhiteElo "1497"]
[WhiteRD "44"]
[BlackElo "1844"]
[BlackRD "183"]
[GameID "123644"]

1. d4 d5 2. c4 c6 3. Nc3 e6 4. Nf3 Nf6 5. Bg5 Nbd7 6. e3 Qa5 7. Be2 Bb4 8. O-O Bxc3 9. bxc3 Qxc3 10. Rc1 Qa5
11. c5 O-O 12. Ne5 Ne4 13. Bh4 Nxe5 14. dxe5 Qxa2 15. f3 Qa3
0-1

[Event "M.SCLODOWSKA-CURIE"]
[Site "SchemingMind.com"]
[Date "2007.10.12"]
[Round "-"]
[White "Lazaro"]
[Black "wmakos"]
[Result "0-1"]
[WhiteCountry "CUB"]
[BlackCountry "POL"]
[WhiteElo "1595"]
[WhiteRD "46"]
[BlackElo "1616"]
[BlackRD "104"]
[GameID "123645"]

1. e4 e6 2. d4 d5 3. exd5 exd5 4. Nf3 Bd6 5. Bd3 Nc6 6. O-O Bg4 7. c3 Nge7 8. Bg5 Qd7 9. a4 Ng6 10. Re1+ Nce7
11. h3 Be6 12. b4 Nf4 13. Bxf4 Bxf4 14. Nbd2 g5 15. Nb3 Bxh3 16. gxh3 Qxh3
0-1

[Event "M.SCLODOWSKA-CURIE"]
[Site "SchemingMind.com"]
[Date "2007.10.08"]
[Round "-"]
[White "Archon"]
[Black "wmakos"]
[Result "1-0"]
[WhiteCountry "CAN"]
[BlackCountry "POL"]
[WhiteElo "1774"]
[WhiteRD "50"]
[BlackElo "1690"]
[BlackRD "112"]
[GameID "123646"]

1. Nf3 Nf6 2. c4 g6 3. b4 Bg7 4. Bb2 O-O 5. g3 d6 6. Bg2 b6 7. Nd4 d5 8. O-O Bb7 9. cxd5 Nxd5 10. Qb3 e6
11. d3 Na6 12. a3 c5 13. Nf3 cxb4 14. axb4 Ndxb4 15. Bxg7 Kxg7 16. Rxa6 Nxa6 17. Nc3 Nc5 18. Qb2 f6 19. Rc1 a6 20. Ne4 Nxe4
21. Nd4 Nc5 22. Rxc5 Qd7 23. Rc7
1-0

[Event "M.SCLODOWSKA-CURIE"]
[Site "SchemingMind.com"]
[Date "2007.10.09"]
[Round "-"]
[White "Francisco Aquino"]
[Black "wmakos"]
[Result "1-0"]
[WhiteCountry "BRA"]
[BlackCountry "POL"]
[WhiteElo "1826"]
[WhiteRD "89"]
[BlackElo "1570"]
[BlackRD "101"]
[GameID "123647"]

1. e4 e6 2. d4 d5 3. e5 c5 4. Bb5+ Bd7 5. Bxd7+ Nxd7 6. Nf3 Qb6 7. O-O cxd4 8. Re1 Bc5 9. Qd3 Ne7 10. a3 a5
11. b3 O-O 12. Bb2 Ng6 13. g3 f6 14. exf6 Rxf6 15. Bxd4 Bxd4 16. Qxd4 Rxf3 17. Qxb6 Nxb6 18. Rxe6 Nd7 19. Rd6 Nf6 20. Nd2 Rf5
21. Rb6 Rc8 22. Rc1 Rc7 23. Kg2 Ng4 24. f3 Ne3+ 25. Kf2 d4 26. Ne4 Rxc2+ 27. Rxc2 Nxc2 28. Rxb7 Ne5 29. Rb8+ Kf7 30. Nd6+ Ke6
31. Nxf5 Kxf5 32. Rb5 Nxa3 33. Rxa5 Nc2 34. f4 Ke4 35. Rxe5+ Kd3 36. Rc5 Ne3 37. b4 Ng4+ 38. Ke1 Nxh2 39. b5 Nf3+ 40. Kd1 Ke4
41. b6 d3 42. b7
1-0

[Event "M.SCLODOWSKA-CURIE"]
[Site "SchemingMind.com"]
[Date "2007.10.12"]
[Round "-"]
[White "jesusch"]
[Black "Dr_Pat"]
[Result "1-0"]
[WhiteCountry "ESP"]
[BlackCountry "USA"]
[WhiteElo "1777"]
[WhiteRD "122"]
[BlackElo "1497"]
[BlackRD "44"]
[GameID "123650"]

1. e4 Nf6 2. e5 Nd5 3. d4 d6 4. c4 Nb6 5. Nf3 Bg4 6. exd6 exd6 7. Nc3 Be7 8. Be2 O-O 9. b3 Nc6 10. Be3 d5
11. c5 Nc8 12. h3 Bxf3 13. Bxf3 Re8 14. Nxd5 Bg5 15. O-O Bxe3 16. Nxe3 Nxd4 17. Bxb7 Rb8 18. Re1 Rxb7 19. Qg4 Ne6 20. Rad1
1-0

[Event "M.SCLODOWSKA-CURIE"]
[Site "SchemingMind.com"]
[Date "2007.10.12"]
[Round "-"]
[White "jesusch"]
[Black "Lazaro"]
[Result "1-0"]
[WhiteCountry "ESP"]
[BlackCountry "CUB"]
[WhiteElo "1787"]
[WhiteRD "90"]
[BlackElo "1595"]
[BlackRD "46"]
[GameID "123651"]

1. e4 c5 2. Nf3 Nc6 3. d4 cxd4 4. Nxd4 g6 5. Nc3 Bg7 6. Be3 Nf6 7. Bc4 O-O 8. Bb3 d6 9. h3 Na5 10. O-O Nxb3
11. axb3 Bd7 12. f4 Bc6 13. f5 Bxe4 14. Nxe4 Nxe4 15. fxg6 hxg6 16. Ne2 Bxb2 17. Rb1 Nc3 18. Nxc3 Bxc3 19. Qf3 Bg7 20. Qxb7
1-0

[Event "M.SCLODOWSKA-CURIE"]
[Site "SchemingMind.com"]
[Date "2007.10.12"]
[Round "-"]
[White "jesusch"]
[Black "Archon"]
[Result "0-1"]
[WhiteCountry "ESP"]
[BlackCountry "CAN"]
[WhiteElo "1739"]
[WhiteRD "93"]
[BlackElo "1763"]
[BlackRD "53"]
[GameID "123652"]

1. e4 d6 2. d4 Nf6 3. Nc3 g6 4. Nf3 Bg7 5. Bd3 O-O 6. Be3 Bg4 7. h3 Bxf3 8. Qxf3 Nc6 9. O-O-O e5 10. d5 Nd4
11. Bxd4 exd4 12. Ne2 Nd7 13. h4 Ne5 14. Qg3 Nxd3+ 15. Rxd3 h5 16. Nxd4 Kh7 17. Nf3 Bh6+ 18. Ng5+ Kg7 19. f4 Qf6 20. Qf3 Rh8
21. g4 hxg4 22. Qxg4 Bxg5 23. fxg5 Qe5 24. Rf3 Rae8 25. h5 Rxh5 26. Rxh5 gxh5 27. Qxh5 Re7 28. Qh6+ Kg8 29. Rh3 Qg7 30. Qxg7+ Kxg7
31. Rh4 Re5 32. Rg4 Kg6 33. Kd2 Rxg5 34. Rxg5+ Kxg5 35. Ke3 Kg4 36. c4 f6 37. a4 a5 38. Kd4 b6 39. b3 Kf4 40. Kd3 Kf3
41. Kd4 Ke2 42. Kc3 Ke3
0-1

[Event "M.SCLODOWSKA-CURIE"]
[Site "SchemingMind.com"]
[Date "2007.10.12"]
[Round "-"]
[White "jesusch"]
[Black "Francisco Aquino"]
[Result "1/2-1/2"]
[WhiteCountry "ESP"]
[BlackCountry "BRA"]
[WhiteElo "1786"]
[WhiteRD "102"]
[BlackElo "1809"]
[BlackRD "97"]
[GameID "123653"]

1. e4 e5 2. Nf3 Nc6 3. Bb5 Nf6 4. O-O Bc5 5. d3 d6 6. Bxc6+ bxc6 7. Nbd2 O-O 8. Nb3 Bb6 9. Bg5 Bg4 10. h3 Bh5
11. a4 a6 12. a5 Ba7 13. Qe2 Re8 14. Rab1 d5 15. exd5 cxd5 16. g4 Bg6 17. Nxe5 Qd6 18. Bf4 Nd7 19. Rbe1 Nxe5 20. Bxe5 Qc6
21. Qd2 h5 22. Kh2 hxg4 23. hxg4 Qd7 24. Qg5 Re6 25. Kg2 Qe8 26. Bc3 Qd7 27. Rxe6 Qxe6 28. Re1 Qc6 29. f3 Qd6 30. Qe5 Qxe5
31. Rxe5 c6 32. Nd4 c5 33. Nf5 Bxf5=
1/2-1/2

[Event "M.SCLODOWSKA-CURIE"]
[Site "SchemingMind.com"]
[Date "2007.10.12"]
[Round "-"]
[White "jesusch"]
[Black "wmakos"]
[Result "1-0"]
[WhiteCountry "ESP"]
[BlackCountry "POL"]
[WhiteElo "1786"]
[WhiteRD "102"]
[BlackElo "1690"]
[BlackRD "112"]
[GameID "123654"]

1. e4 e6 2. d4 d5 3. e5 c5 4. c3 Qb6 5. Nf3 Nc6 6. Bd3 cxd4 7. cxd4 Bd7 8. O-O Nxd4 9. Nc3 Ne7 10. Nxd4 Qxd4
11. Nb5 Qxe5 12. Re1 Qb8 13. Qf3 a6 14. Bf4
1-0

[Event "M.SCLODOWSKA-CURIE"]
[Site "SchemingMind.com"]
[Date "2007.10.12"]
[Round "-"]
[White "Dr_Pat"]
[Black "jesusch"]
[Result "0-1"]
[WhiteCountry "USA"]
[BlackCountry "ESP"]
[WhiteElo "1497"]
[WhiteRD "44"]
[BlackElo "1777"]
[BlackRD "122"]
[GameID "123655"]

1. d4 Nf6 2. c4 g6 3. Nc3 Bg7 4. e4 d6 5. Nf3 O-O 6. Be2 c5 7. O-O cxd4 8. Nxd4 Nc6 9. Nxc6 bxc6 10. f4 Qb6+
11. Kh1 Rb8 12. b3 Nxe4 13. Na4 Nf2+
0-1

[Event "M.SCLODOWSKA-CURIE"]
[Site "SchemingMind.com"]
[Date "2007.10.12"]
[Round "-"]
[White "Lazaro"]
[Black "jesusch"]
[Result "0-1"]
[WhiteCountry "CUB"]
[BlackCountry "ESP"]
[WhiteElo "1595"]
[WhiteRD "46"]
[BlackElo "1787"]
[BlackRD "90"]
[GameID "123656"]

1. e4 c5 2. Nf3 d6 3. d4 cxd4 4. Nxd4 Nf6 5. Nc3 a6 6. Bg5 e6 7. f4 Be7 8. Qf3 Qc7 9. O-O-O O-O 10. g4 Nc6
11. Nde2 h6 12. Bxf6 Bxf6 13. h4 Bxc3 14. Nxc3 b5 15. Bg2 Bb7 16. g5 b4 17. Nb1 Rfc8 18. c3 bxc3 19. Nxc3 Nb4
0-1

[Event "M.SCLODOWSKA-CURIE"]
[Site "SchemingMind.com"]
[Date "2007.10.12"]
[Round "-"]
[White "Archon"]
[Black "jesusch"]
[Result "1-0"]
[WhiteCountry "CAN"]
[BlackCountry "ESP"]
[WhiteElo "1763"]
[WhiteRD "53"]
[BlackElo "1739"]
[BlackRD "93"]
[GameID "123657"]

1. Nf3 Nf6 2. c4 e6 3. g3 d5 4. Bg2 dxc4 5. Qc2 Qd5 6. O-O Nc6 7. Na3 Bxa3 8. bxa3 e5 9. Bb2 e4 10. Ne1 Bf5
11. d3 cxd3 12. exd3 exd3 13. Bxd5 dxc2 14. Bxc6+ bxc6 15. Rc1 Bh3 16. Ng2 Nd5 17. Rfe1+ Kd7 18. Rxc2 f6 19. Ne3 Rab8 20. Bd4 Rb7
21. Bc5 Re8 22. Rcc1 a5 23. Nc4 a4 24. Na5 Rxe1+ 25. Rxe1 Rb5 26. Bb4 Nxb4 27. axb4 Rxb4 28. Rd1+ Kc8 29. Nxc6 Rb2 30. Rd8+ Kb7
31. Rb8+ Kxc6 32. Rxb2 Kc5 33. Rc2+ Kb6 34. f4 c5 35. Kf2 Kb5 36. Ke3 Bf5 37. Rb2+ Kc4 38. Kd2 Kd4 39. Rb7 g5 40. fxg5 fxg5
41. Ra7 c4 42. Rxa4
1-0

[Event "M.SCLODOWSKA-CURIE"]
[Site "SchemingMind.com"]
[Date "2007.10.12"]
[Round "-"]
[White "Francisco Aquino"]
[Black "jesusch"]
[Result "0-1"]
[WhiteCountry "BRA"]
[BlackCountry "ESP"]
[WhiteElo "1749"]
[WhiteRD "113"]
[BlackElo "1777"]
[BlackRD "122"]
[GameID "123658"]

1. e4 c5 2. Nf3 d6 3. d4 cxd4 4. Nxd4 Nf6 5. Nc3 a6 6. Bg5 h6 7. Bh4 g5 8. Bg3 Bg7 9. Bc4 Nxe4 10. Qf3 Nxg3
11. Qxf7+ Kd7 12. Ne6 Bxc3+ 13. bxc3 Qa5 14. fxg3 Qxc3+ 15. Kf2 Qxc4 16. Nc5+ Qxc5+
0-1

[Event "M.SCLODOWSKA-CURIE"]
[Site "SchemingMind.com"]
[Date "2007.10.12"]
[Round "-"]
[White "wmakos"]
[Black "jesusch"]
[Result "0-1"]
[WhiteCountry "POL"]
[BlackCountry "ESP"]
[WhiteElo "1570"]
[WhiteRD "101"]
[BlackElo "1739"]
[BlackRD "93"]
[GameID "123659"]

1. e4 c5 2. Nf3 d6 3. d4 cxd4 4. Nxd4 Nf6 5. Nc3 a6 6. g3 e5 7. Nde2 Nbd7 8. Bg2 b5 9. O-O Bb7 10. Bg5 Be7
11. Kh1 b4 12. Nb1 Nxe4 13. Bxe7 Qxe7 14. Ng1 d5 15. Nd2 Ndf6 16. Re1 Nxd2 17. Qxd2 O-O 18. Nf3 e4 19. Nh4 g6 20. Qd4 Rac8
0-1

[Event "M.SCLODOWSKA-CURIE"]
[Site "SchemingMind.com"]
[Date "2007.10.08"]
[Round "-"]
[White "Clive Everill"]
[Black "Dr_Pat"]
[Result "0-1"]
[WhiteCountry "CZE"]
[BlackCountry "USA"]
[WhiteElo "1633"]
[WhiteRD "59"]
[BlackElo "1566"]
[BlackRD "47"]
[GameID "123737"]

1. e4 c5 2. Nf3 d6 3. d4 cxd4 4. Nxd4 Nf6 5. Nc3 a6 6. f4 Qb6 7. Be2 e5 8. Nb3 Nc6 9. fxe5 dxe5 10. Nd5 Nxd5
11. exd5 Ne7 12. Qd3 Bf5 13. Qd2 Rd8 14. c4 Nxd5 15. c5 Bxc5 16. Nxc5 Qxc5 17. Qg5 g6 18. Qg3 Nb4 19. Kf1 O-O 20. Be3 Qc2
21. Qxe5 Rfe8 22. Qg3 Bd3 23. Qf3 Bxe2+ 24. Qxe2 Qxe2+ 25. Kxe2 Nc2 26. Rac1 Rxe3+ 27. Kf2 Rd2+ 28. Kf1 Ree2
0-1

[Event "M.SCLODOWSKA-CURIE"]
[Site "SchemingMind.com"]
[Date "2007.10.08"]
[Round "-"]
[White "Clive Everill"]
[Black "Lazaro"]
[Result "1-0"]
[WhiteCountry "CZE"]
[BlackCountry "CUB"]
[WhiteElo "1708"]
[WhiteRD "55"]
[BlackElo "1595"]
[BlackRD "46"]
[GameID "123738"]

1. e4 c5 2. Nf3 Nc6 3. Bb5 Qb6 4. Nc3 d6 5. O-O Bg4 6. h3 Bh5 7. g4 Bg6 8. d3 e6 9. Bf4 a6 10. Bxc6+ Qxc6
11. e5 h5 12. g5 h4 13. Qe2 Bf5 14. Kh2 d5 15. d4 Ne7 16. dxc5 Qxc5 17. Be3 Qc7 18. Rg1 Be4 19. Bd4 Bxf3 20. Qxf3 Nf5
21. Qf4 Nxd4 22. Qxd4 Bc5 23. Qf4 Qb6 24. Raf1 Qxb2 25. Na4 Qb4 26. Qxb4 Bxb4 27. Rb1 a5 28. g6 fxg6 29. Rxg6 Kf7 30. Rbg1 Rh7
31. c3 Bf8 32. Nb6 Ra6 33. Na4 Rc6 34. f4 b5 35. Nb2 Rxc3 36. R1g2 Rf3 37. R6g4 Bc5 38. Rc2 Be3 39. Kg2 Rxf4 40. Rxf4+ Bxf4
41. Rf2 g5 42. Nd3 Rg7 43. Kh1 Ke7 44. Nxf4 gxf4 45. Rxf4 Rg5 46. Rxh4 Rxe5 47. Rh7+
1-0

[Event "M.SCLODOWSKA-CURIE"]
[Site "SchemingMind.com"]
[Date "2007.10.08"]
[Round "-"]
[White "Clive Everill"]
[Black "Archon"]
[Result "1-0"]
[WhiteCountry "CZE"]
[BlackCountry "CAN"]
[WhiteElo "1643"]
[WhiteRD "59"]
[BlackElo "1753"]
[BlackRD "50"]
[GameID "123739"]

1. Nf3 d5 2. g3 Bg4 3. Bg2 c6 4. O-O Nd7 5. d4 e6 6. Bg5 Be7 7. Bxe7 Qxe7 8. Nbd2 Ngf6 9. h3 Bh5 10. c4 Bg6
11. c5 h6 12. b4 O-O 13. Nh4 Bh7 14. Re1 Rfd8 15. e4 dxe4 16. Nxe4 Nxe4 17. Bxe4 Bxe4 18. Rxe4 Nf6 19. Re5 Nd5 20. a3 Qf6
21. Qf3 Qxf3 22. Nxf3 Nc7 23. a4 Rd5 24. Rae1 Rad8 25. Kg2 a6 26. R5e2 Ne8 27. g4 Nf6 28. Kg3 Nh7 29. Re5 Nf8 30. Rxd5 Rxd5
31. Re5 Rd7 32. h4 Ng6 33. Re4 Ne7 34. Ne5 Rd8 35. Kf4 Nd5+ 36. Kg3 Nxb4 37. f4 Nc2 38. Nf3 Rd5 39. g5 hxg5 40. hxg5 Nb4
41. Kh4 Nd3 42. g6 fxg6 43. Rxe6 Nxf4 44. Re7 g5+ 45. Kg4 Rxd4 46. Nxd4
1-0